00223nam a2200085Ia 4500008004100000041000800041100002000049245004100069260002700110231212s1985 xx 000 0 und d aeng aHnatek Evgene R aDesign Of Solid State power supplies aCalcuttabSharyuc1985